书目信息 |
| 题名: |
二刻拍案惊奇
|
|
| 作者: | 凌濛初 著 | |
| 分册: | ||
| 出版信息: | 北京 人民文学出版社 1999.01 |
|
| 页数: | 459页 | |
| 开本: | 32开 | |
| 丛书名: | ||
| 单 册: | ||
| 中图分类: | I242.3 | |
| 科图分类: | ||
| 主题词: | 小说--中国 | |
| 电子资源: | ||
| ISBN: | 7-02-002879-9 | |
| 000 | 00532nam0 2200193 45 | |
| 001 | 0006161429 | |
| 005 | 20000616145935.2 | |
| 010 | @a7-02-002879-9@d21.80元 | |
| 100 | @a20000616d1999 km y0chiy0120 ea | |
| 101 | 0 | @achi |
| 105 | @a z 000yy | |
| 200 | 1 | @a二刻拍案惊奇@AEr Ke Pai An Jing Qi@f凌濛初著@FLing濛Chu Zhu |
| 210 | @a北京@c人民文学出版社@d1999.01 | |
| 215 | @a459页@d32开 | |
| 606 | 0 | @a小说@x中国 |
| 690 | @aI242.3@v3 | |
| 701 | 0 | @a凌濛初@4著 |
| 801 | @aCN@bPftUser@c20000616 | |
| 905 | @b159034-038@dI242.3@eL116@f5 | |
| 二刻拍案惊奇/凌濛初著.-北京:人民文学出版社,1999.01 |
| 459页;32开 |
| ISBN 7-02-002879-9:21.80元 |
| ● |
| 相关链接 |
|
|
|
正题名:二刻拍案惊奇
索取号:I242.3/L116
 
预约/预借
| 序号 | 登录号 | 条形码 | 馆藏地/架位号 | 状态 | 备注 |
| 1 | 159034 | 201590340 | 社科二线400B/400B社科库 14排1列3层/ [索取号:I242.3/L116] | 在馆 | |
| 2 | 159036 | 201590368 | 文学库108/ [索取号:I242.3/L116] | 在馆 | |
| 3 | 159037 | 201590377 | 文学库108/108文学库 21排6列3层/ [索取号:I242.3/L116] | 在馆 | |
| 4 | 159038 | 201590386 | 文学库108/108文学库 21排6列3层/ [索取号:I242.3/L116] | 在馆 |